000 00683nam a22002057a 4500
999 _c526298
_d526298
003 NUST
020 _qPBK
038 _aFaiza
082 _a891.43109
_bJAV
100 _aJaved, Inaam ul Haq
_914461
245 _aPakistani Zabano ky Sufi Shuraa /
_cInaam ul Haq Javed
260 _aIslamabad :
_bAllama Iqbal Open University,
_c2008.
300 _a329 p. ;
500 _aReference.
504 _aBibliography.
880 _6100-01\r
_aانعام الحق جاوید
880 _6245-02\r
_aپاکستانی زبانوں کے صوفی شعراء /
880 _6260-03\r
_aاسلام آباد :
_bعلامہ اقبال اوپن یونیورسٹی,
_c۲۰۰۸.
942 _2ddc
_cBK